00258nam a22001217a 4500040000700000082000800007100000700015245006300022260002000085300000900105942000700114999001500121 cSK a630 aNA aAnnual report on food agriculture and rural areas in japan aJAPANbNAc2002 a57p. cEK c9976d9976